|
|
|
|
| LEADER |
00000cam a2200000 c 4500 |
| 001 |
165057701X |
| 003 |
DE-627 |
| 005 |
20251225205633.0 |
| 007 |
tu |
| 008 |
900423s1989 xx ||||| 00| ||eng c |
| 010 |
|
|
|a 89045400
|
| 020 |
|
|
|a 0062508156
|9 0-06-250815-6
|
| 020 |
|
|
|a 0062508148
|9 0-06-250814-8
|
| 035 |
|
|
|a (DE-627)165057701X
|
| 035 |
|
|
|a (DE-576)020261969
|
| 035 |
|
|
|a (DE-599)BSZ020261969
|
| 035 |
|
|
|a (OCoLC)311199076
|
| 040 |
|
|
|a DE-627
|b ger
|c DE-627
|e rakwb
|
| 041 |
|
|
|a eng
|
| 082 |
0 |
|
|a 133.430979461
|
| 082 |
0 |
|
|a 299
|
| 084 |
|
|
|a 0
|2 ssgn
|
| 100 |
0 |
|
|0 (DE-588)110746759
|0 (DE-627)077153758
|0 (DE-576)289682584
|4 aut
|a Starhawk
|d 1951-
|
| 109 |
|
|
|a Starhawk 1951-
|a Simos, Miriam 1951-
|
| 245 |
1 |
4 |
|a The spiral dance
|b a rebirth of the ancient religion of the great goddess; [rituals, invocations, exercises, magic]
|c Starhawk
|
| 250 |
|
|
|a 10th anniversary ed. with new introd. and chapter by chapter commentary
|
| 264 |
|
1 |
|a San Francisco [u.a.]
|b Harper & Row
|c 1989
|
| 300 |
|
|
|a X, 288 S.
|b Ill.
|
| 336 |
|
|
|a Text
|b txt
|2 rdacontent
|
| 337 |
|
|
|a ohne Hilfsmittel zu benutzen
|b n
|2 rdamedia
|
| 338 |
|
|
|a Band
|b nc
|2 rdacarrier
|
| 583 |
1 |
|
|a Archivierung prüfen
|c 20200919
|f DE-640
|z 2
|2 pdager
|
| 583 |
1 |
|
|a Archivierung/Langzeitarchivierung gewährleistet
|f SSG
|x XA-DE-BW
|2 pdager
|5 DE-21
|
| 601 |
|
|
|a Religion
|
| 689 |
0 |
0 |
|d s
|0 (DE-588)4113907-0
|0 (DE-627)105826014
|0 (DE-576)209480343
|2 gnd
|a Hexenglaube
|
| 689 |
0 |
1 |
|d s
|0 (DE-588)4036966-3
|0 (DE-627)106239945
|0 (DE-576)209021527
|2 gnd
|a Magie
|
| 689 |
0 |
|
|5 DE-101
|
| 935 |
|
|
|a mteo
|
| 951 |
|
|
|a BO
|
| ELC |
|
|
|b 1
|
| ITA |
|
|
|a 1
|t 1
|
| LOK |
|
|
|0 000 xxxxxcx a22 zn 4500
|
| LOK |
|
|
|0 001 3337430392
|
| LOK |
|
|
|0 003 DE-627
|
| LOK |
|
|
|0 004 165057701X
|
| LOK |
|
|
|0 005 19900423000000
|
| LOK |
|
|
|0 008 900423||||||||||||||||ger|||||||
|
| LOK |
|
|
|0 040
|a DE-21
|c DE-627
|d DE-21
|
| LOK |
|
|
|0 852
|a DE-21
|
| LOK |
|
|
|0 852 1
|c 30 A 2163
|9 00
|
| LOK |
|
|
|0 935
|a theo
|
| LOK |
|
|
|0 936ln
|a t14
|
| LOK |
|
|
|0 939
|a 23-04-90
|b l01
|
| ORI |
|
|
|a SA-MARC-ixtheoa001.raw
|
| REL |
|
|
|a 1
|
| STA |
0 |
0 |
|a Belief in witches,Witches,Magic,Magic,Spell,Charm,Magic in art
|
| STB |
0 |
0 |
|a Croyance aux sorcières,Croyance à la sorcellerie,Croyance à la sorcellerie,Magie,Magie
|
| STC |
0 |
0 |
|a Creencia en la existencia de brujas,Magía,Magía,Magia
|
| STD |
0 |
0 |
|a Credenza nelle streghe,Credere alle streghe,Credere alle streghe,Magia,Magia
|
| STE |
0 |
0 |
|a 女巫信仰,巫婆信仰,法术,法术,魔法,巫术,魔法,巫术
|
| STF |
0 |
0 |
|a 女巫信仰,巫婆信仰,法術,法術,魔法,巫術,魔法,巫術
|
| STG |
0 |
0 |
|a Crença na existência de bruxas,Magia,Magia
|
| STH |
0 |
0 |
|a Вера в ведьм,Магия (мотив),Магия
|
| STI |
0 |
0 |
|a Μαγεία (μοτίβο),Μαγεία,Πίστη στις μάγισσες
|
| SUB |
|
|
|a REL
|
| SYG |
0 |
0 |
|a Hexenwahn,Hexenwesen,Hexenkult,Hexentum,Hexe,Hexen,Hexenwahn,Hexenwesen,Hexenkult,Hexentum,Hexe , Zauber,Zauberei,Artes magicae,Magische Künste,Zauberkunst <Magie>,Zauber,Zauberei,Artes magicae,Magische Künste,Zauberkunst
|